zpět

Detail výsledku týmu

Between bar, Liberec

Datum a čas kvízu

33.5 Celkem bodů Celkový počet nahraných bodů na tomto kvízu bez doplňovacích otázek.
2. Pořadí na kvízu Konečné umístění týmu na tomto kvízu.

Zaznamenané odpovědi

# Otázka Odpověď Body Výsledky
1. Škodu ve výši cca půl milionu... Tanvaldský Špičák 1
2. Britští archeologové získali z... Stonehenge 1
3. Dlouholetá ředitelka zpravodaj... Jitka Obzinová 0
4. Nejsme sami, kdo se občas dopu... o Austrálii 1
5. Jak jistě víte, v pátek začalo... Švýcarsko 1
6. Toto téma jste si vybrali Vy s... Philip Zimbardo 0
7. Na konci 30. let 20. století b... C 1
8. Takzvaný Dunningův–Krugerův ef... A D 1
9. Solomon Asch v roce 1951 ve sv... čáry 1
10. Psychologické experimenty se n... B 0